Project-oriented development in the hotel enterprise

Projektový manažment vo vývoji hotelierstva. Realizácia rozličných projektov umožňuje hotelom adaptovať sa na zmeny prostredia. Výkonnosť hotelov. Ekonomické indikátory výkonnosti hotelov. Vplyv projektov na rozvoj hotelových komplexov.

Gespeichert in:
Bibliographische Detailangaben
1. Verfasser: Bašan, Lorena
Format: Buchkapitel
Sprache:Englisch
Schlagworte:
Tags: Tag hinzufügen
Keine Tags, Fügen Sie das erste Tag hinzu!

MARC

LEADER 00000naa$a2200000$$$4500
001 0012762
005 20221128113348.5
041 0 |a eng 
044 |a SK 
245 1 0 |a Project-oriented development in the hotel enterprise  |c aut. Lorena Bašan 
520 |a Projektový manažment vo vývoji hotelierstva. Realizácia rozličných projektov umožňuje hotelom adaptovať sa na zmeny prostredia. Výkonnosť hotelov. Ekonomické indikátory výkonnosti hotelov. Vplyv projektov na rozvoj hotelových komplexov. 
610 2 0 |a hotely 
610 2 0 |a hotelierstvo 
610 2 0 |a projekty 
610 2 0 |a manažment 
610 2 0 |a ukazovatele ekonomické 
610 2 0 |a výkonnosť 
100 1 |a Bašan, Lorena